00560nam a2200181Ia 4500003000900000008004100009020001800050040001600068080001400084100002200098245009100120260003800211300001600249650004100265650002400306650002500330650002300355IN-BaIIA211028s9999 xx 000 0 eng d a0-471-07720-8 cIIA Library a535.8bDE aDe Vany, Arthur S 0aMaster optical techniquescArthur S De Vany  aNew YorkbJohn Wiley & Sonsc1981 aviii, 600p. aAstronomy and astrophysics thesaurus aOptical instruments aOptical measurements aOptical techniques